| 000 | 01031cam a2200265 a 4500 | ||
|---|---|---|---|
| 001 | 17447492 | ||
| 005 | 20150319105419.0 | ||
| 008 | 120830s2013 enka b 001 0 eng | ||
| 010 | _a 2012034951 | ||
| 020 | _a9780230336667 | ||
| 040 |
_aDLC _cDLC _dDLC |
||
| 082 | 0 | 0 |
_a658.16 _222 _bMCC |
| 100 | 1 | _aMcCarthy, Killian J. | |
| 245 | 1 | 0 |
_aUnderstanding mergers and acquisitions in the 21st century : _ba multidisciplinary approach / _cKillian J. McCarthy and Wilfred Dolfsma. |
| 260 |
_aHoundmills, Basingstoke ; _aNew York, NY : _bPalgrave Macmillan, _c2013. |
||
| 300 |
_axiii, 295 p. : _bill. ; _c23 cm. |
||
| 504 | _aIncludes bibliographical references and index. | ||
| 650 | 0 | _aConsolidation and merger of corporations | |
| 653 |
_bBUSADM _cMarch2015 |
||
| 655 |
_vreading book _934232 |
||
| 700 | 1 | _aDolfsma, Wilfred. | |
| 906 |
_a7 _bcbc _corignew _d1 _eecip _f20 _gy-gencatlg |
||
| 942 | _2ddc | ||
| 999 |
_c19072 _d19044 |
||